000 00711cam a2200253u 4500
001 14155
003 BD-RjUL
005 20211208235600.0
008 140205s1955 enka 001 0 eng
035 _a(BD-RjUL)14207
040 _aDLC
_cCarP
_dDLC
_dBD-RjUL
_beng
041 _aeng
082 _a651
_bMIO 1955
100 1 _aMills, Geoffrey,
_d1910-
_944216
245 1 0 _aOffice organization and method /
_cGeoffrey Mills
260 _aLondon :
_bPitman,
_c1955.
300 _ax, 326 p. :
_bill. ;
_c23 cm.
504 _aIncludes bibliography and index.
650 0 _aOffice management.
_942160
700 1 _aStandingford, Oliver.
_944217
942 _2ddc
_cBK
999 _c14155
_d14155